000 01218nam a2200301 i 4500
003 EG-GICUC
005 20260320172043.0
008 260320s1970 ua ||||fr|||| 00| 0 ara d
040 _a EG-GICUC
_bara
_c EG-GICUC
_d EG-GICUC
_erda
041 _aara
082 0 4 _221
_a343.382
_bم ح . ش
092 0 4 _221
099 _aLaw1 10 343.382 م ح . ش {1970}
100 0 _aمحمد زكى أبو عامر
_eمؤلف.
245 1 0 _aشائبة الخطأ فى الحكم الجنائي ونظرية الطعن قيه :
_bرسالة مقدمة للحصول على درجة دكتور فى الحقوق /
_cمن محمد زكى أبو عامر.
264 1 _aالاسكندرية :
_bكلية الحقوق،
_c{1970}.
300 _a479 صفحة ;
_c24 سم.
336 _2rda content
_atext
337 _2rda media
_aComputer
338 _2rda carrier
_aOnline Resource
504 _aيشتمل على إرجاعات ببليوجرافية.
546 _aالنص باللغة العربية
650 1 _aالقانون الجنائي
650 1 _aأركان وشروط الأحكام الجنائية
856 4 0 _uhttps://fll.law.cu.edu.eg/fulltext/bks/B10-04447.pdf
905 _a43
942 _2ddc
_n0
_cBK
_e21
999 _c66463
_d66463